<?xml version="1.0" encoding="UTF-8"?>
<marc:record xmlns:marc="http://www.loc.gov/MARC21/slim">
   <marc:leader>00000nam a2200000 a 4500</marc:leader>
   <marc:datafield ind1="1" ind2=" " tag="100">
      <marc:subfield code="a">Louise, Clara</marc:subfield>
      <marc:subfield code="4">aut</marc:subfield>
      <marc:subfield code="e">Verfasser/-in</marc:subfield>
   </marc:datafield>
   <marc:datafield ind1="0" ind2="0" tag="245">
      <marc:subfield code="a">Über mir die Wolke</marc:subfield>
   </marc:datafield>
   <marc:datafield ind1="0" ind2="0" tag="245">
      <marc:subfield code="b">Eine hoffnungsvolle Geschichte für dunkle Tage</marc:subfield>
   </marc:datafield>
   <marc:datafield ind1=" " ind2="1" tag="264">
      <marc:subfield code="b">Rowohlt Taschenbuch Verlag</marc:subfield>
      <marc:subfield code="c">2021</marc:subfield>
   </marc:datafield>
   <marc:datafield ind1="1" ind2=" " tag="520">
      <marc:subfield code="a">Eines Morgens wacht Lina auf und stellt fest: Über ihr schwebt eine dunkle Wolke. Was sie auch unternimmt, die Wolke folgt ihr auf Schritt und Tritt und verhagelt ihr wortwörtlich das Leben – bis sie auf einen alten Kapitän und seine illustre Mannschaft trifft, die sich mit Schietwetter richtig gut auskennen. Es ist der Beginn einer inspirierenden Reise, hinaus auf hohe See, die Lina mitten hinein ins Herz des Sturms führt. Die Singer-Songwriterin und Dichterin Clara Louise erzählt eine poetische und ermutigende Geschichte über die dunklen Tage im Leben.</marc:subfield>
   </marc:datafield>
   <marc:datafield ind1=" " ind2=" " tag="020">
      <marc:subfield code="a">9783499006005</marc:subfield>
      <marc:subfield code="9">9783499006005</marc:subfield>
   </marc:datafield>
</marc:record>
